000 00693nam a2200241 i 4500
001 15878
003 ES-MaACL
005 20250817062545.0
007 t|
008 000512s1998 sp ||||0| spa j
040 _aM-BN
_bspa
_cM-BN
080 _a001"15/19"
245 0 0 _aCiencia moderna y postmoderna.
260 _a[Madrid] :
_bFundación Juan March,
_c[1998]
300 _a135 p. ;
_c23 cm.
490 1 _aCuadernos ;
_v2
500 _aPrecede. al tit.: Cuaderno del Seminario Público.
650 0 4 _aCiencia-
_vHistoria.
_910954
710 2 _aFundación Juan March
_94346
830 0 _aCuadernos ;
_v2
_9178297
852 _aES-MaACL
_jL-22869
_bR.128163
999 _c15878
_d15878